ENHYPEN - Une lettre, une chanson - Statistiques

Statistiques générales
  • Ce quiz a été pris 90 fois
  • Le résultat moyen est 14 sur 27
Statistiques - réponses
Lettres Chansons % Correct
B Bad Desire (With or Without You) / The Beginnin (사건의 발단) / The Beyond (사건의 너머) / Big Girls Don't Cry / Bills / Billy Poco / Bite Me / Blessed-Cursed / Blind (멀어) / Blockbuster / Blossom / Brought the Heat Back
90%
F Fatal Trouble / Fate / FEVER / Flashover / Flicker / Foreshadow / Forget Me Not / The Fugitives (도망자들) / Future Perfect (Pass the Mic)
82%
D Outro: Day 2 / Daydream / Demons / Drunk-Dazed
82%
S Sacrifice (Eat Me Up) / Scream / Shine On Me / Shout Out / Sleep Tight / Stealer / Still Monster / Sweet Venom
79%
C Chaconne / Criminal Love / Outro: Cross the Line
77%
K Karma / Keep Swimmin' Through / A Kind of Magic (Coke Studio Session) / Knife
74%
H Helium / Hey Tayo / Highway 1009 / Home / Hundred Broken Hearts
70%
N No Doubt / No Way Back / Not for Sale
69%
M Make the change / Mixed Up (별안간) / Moonstruck / Mortal
67%
O One and Only / One in a Billion / Orange Flower (You Complete Me) / Outside
66%
P ParadoXXX Invasion / Paranorma! / Polaroid Love
66%
X XO (Only If You Say Yes)
66%
T Tamed-Dashed / Teeth (멀어) / TFW (That Feeling When) / Too Close
61%
L Let Me In (20 CUBE) / Loose / Lost Island / Lucifer
56%
A Always / Attention, Please!
51%
G Given-Taken
48%
Y Your Eyes Only
43%
Chiffres 10 Months
39%
R Royalty
36%
W Walk the Line / What Make You Beautiful / Intro: Whiteout / Outro: The Wormhole / Witness
28%
J Just a Little Bit
26%
I I Need the Light (구해줘) / I NEED U / Intro: The Invitation
25%
U Upper Side Dreamin'
25%
D Echoes
20%
Q Interlude: Question
13%
Z Zero Moment
13%
V The Voice (우리가 찾던 목소리
5%
Aucun quiz correspondant
Distribution des résultats
% des personnes avec chaque résultat
Percentile par nombre de réponses
Votre historique - résultats
Vous n’avez pas pris ce quiz